| 000 | 00765nam a2200217 a 4500 | ||
|---|---|---|---|
| 001 | 12676 | ||
| 003 | CO-ViMGA | ||
| 008 | 141112s2004 ck r 000 u spa d | ||
| 040 |
_aCO-ViMGA _bspa _cCO-ViMGA |
||
| 082 | 0 | 4 | _a336.86 V35g |
| 100 | 1 |
_aVelez, Carlos Eduardo _918293 |
|
| 245 | 1 | 0 |
_aGasto Social y Desigualdad : _blogros y extravíos, Estudio de la incidencia del gasto público social en Colombia |
| 250 | _a1 | ||
| 260 |
_aBogotá : _bDepartamento de Planeación, _c1996 |
||
| 300 | _a442p. | ||
| 650 | 1 | 4 |
_aCOLOMBIA - Política ECONOMICA - 1992 _918294 |
| 650 | 1 | 4 |
_aCOLOMBIA - Política SOCIAL - 1992 _918295 |
| 650 | 1 | 4 |
_aGASTOS PUBLICOS - COLOMBIA - 1992 _918296 |
| 650 | 1 | 4 |
_aPolítica DE GASTOS PUBLICOS - COLOMBIA - 1992 _918297 |
| 942 |
_2ddc _cBK |
||
| 999 |
_c23641 _d23641 |
||